000 00278nam a2200109Ia 4500
008 220624s9999 xx 000 0 und d
020 _a9781861083562
082 _a658.08 BAIL
100 _aAnthony Bailey
_9146452
245 0 _aWoodworking techniques and projects
942 _cBK
_w561
_xJohn Tresidder
_y561
_zJohn Tresidder
999 _c682051
_d682050